Music Quiz

Random Music or Song Quiz
Score 0/20 Timer 05:00
0 Plays Today
Question Answer Wrong Answers
For you, I'd go, write a slick song just to show you the world Smithereens
93%
Neon Gravestones
1.3%
My Blood
3.6%
Leave The City
1%
It might take some friends and a warmer shirt The Hype
86%
Chlorine
1%
Legend
6.7%
Levitate
3.1%
I despise you sometimes, I love to hate the fight Chlorine
85.5%
Smithereens
1.8%
Pet Cheetah
2.1%
Nico And The Niners
2.3%
A form of succession? A form of a weapon? Neon Gravestones
82.2%
Chlorine
0.8%
Pet Cheetah
4.4%
The Hype
3.4%
Eight days straight, eight hours each and not one line Pet Cheetah
81.1%
Chlorine
2.6%
Neon Gravestones
4.4%
Levitate
9%
When your eyes did not know me, like I know you Legend
79.6%
Cut My Lip
5.2%
Leave The City
2.3%
Smithereens
6.5%
Felt it in my youth, feel it when I'm old Jumpsuit
78.8%
The Hype
6.5%
Pet Cheetah
3.4%
Legend
2.3%
He'll always try to stop me, that Nicolas Bourbaki Morph
77.3%
Pet Cheetah
2.8%
Neon Gravestones
1.6%
Nico And The Niners
17.3%
Rent a racehorse and force a sponsor Nico And The Niners
76%
Levitate
8.8%
Morph
4.7%
Pet Cheetah
5.9%
This culture is a poacher of overexposure, not today Levitate
75.5%
Jumpsuit
5.9%
Leave The City
6.7%
Cut My Lip
5.9%
Know I'll keep movin', know I'll keep movin' Cut My Lip
74.7%
Levitate
2.1%
Bandito
8.8%
My Blood
3.9%
In Trench I'm not alone Leave The City
73.4%
Bandito
6.2%
Jumpsuit
2.3%
The Hype
2.3%
I never look for conflict for the thrill Smithereens
73.1%
Morph
6.7%
My Blood
11.1%
Nico And The Niners
2.3%
I'll bomb down on 'em, I'm comin' through My Blood
72.1%
Chlorine
1%
Levitate
5.2%
Bandito
11.6%
'Cause they know that when it goes out, it's a glorious gone Leave The City
68.2%
Smithereens
0.8%
Neon Gravestones
21.4%
Jumpsuit
1.3%
I'm heavy, my jumpsuit is on steady Nico And The Niners
68%
Jumpsuit
16.5%
Smithereens
0.8%
The Hype
0.5%
But I can hear my way around The Hype
62.3%
Cut My Lip
7.2%
Bandito
8%
Leave The City
8.3%
Where we used to bleed, and where our blood needs to be Bandito
60.2%
My Blood
12.4%
Chlorine
3.9%
Pet Cheetah
6.7%
I'm showing my faces in just enough places Pet Cheetah
57.4%
Bandito
17.3%
Jumpsuit
3.1%
Cut My Lip
8.5%
Like neon inside the glass, they form my brain Bandito
53.7%
Neon Gravestones
29.7%
Smithereens
1.8%
My Blood
2.1%
Remove Ads.
Support Sporcle.
Get the best of Sporcle when you Go Orange. This ad-free experience offers more features, more stats, and more fun while also helping to support Sporcle. Thank you for becoming a member.

You're not logged in!

Compare scores with friends on all Sporcle quizzes.
OR
Log In

Show Comments

Extras

Top Quizzes Today


Score Distribution

Your Account Isn't Verified!

In order to create a playlist on Sporcle, you need to verify the email address you used during registration. Go to your Sporcle Settings to finish the process.

Report this User

Report this user for behavior that violates our Community Guidelines.

Details: